Statistics for Paramedic Medical Terms Lay Terms to Medical Terms

Click here to take the quiz!

General Stats

  • This quiz has been taken 100 times
  • The average score is 6 of 38

Answer Stats

HintAnswer% Correct
NosebleedEpistaxis
61%
Pass gas rectallyFlatulence
41%
Blue skin colorCyanosis
38%
Sexual IntercourseCoitus
37%
VomitingEmesis
34%
Passing outSyncope
34%
HivesUrticaria
34%
Red skinErythema
25%
SwollenEdema
22%
DizzyVertigo
22%
Cavities (dental)Caries
19%
Ear waxCerumen
16%
Pimple (red)Papule
13%
MiscarriageSpontaneous abortion
13%
PeriodMenses
11%
ItchynessPruritus
11%
Mucous from TracheaSputum
11%
Pimple (white)Pustule
10%
Black and blueEcchymosis
9%
Smells badMalodorous
9%
Small pin point bloodPetechiae
9%
MealPrandial
8%
Purplepatches on skinPurpura
8%
HeadacheCephalgia
6%
UrinatingMicturating
6%
Blue marblingMottled
6%
Nasal congestionCoryza
5%
Acid indigestionDyspepsia
5%
FakingMalingering
5%
Goose bumpsPiloerection
5%
BlisterVesicle
5%
Facial hair on a femaleHursitism
4%
JaundiceIcteric
4%
Bowel gurglesBorborigmus
3%
HiccupsSingultus
3%
Runny nose/throatCatarrhal/Catarrh/Catarrhea
1%
BurpErucation
1%
Reddened skinFlushed
1%

Score Distribution

Percentile by Number Answered

Percent of People with Each Score

Your Score History

You have not taken this quiz